00518nam a22001577a 4500003000400000005001700004008004100021020001500062050002500077100002600102245010500128250001700233260006000250300002800310650002200338OSt20160105144009.0130916t xxu||||| |||| 00| 0 eng d a1904534969 aQH 316b.D255Hl 2008 aMerson-Davies, Ashby  aIB biology genetics made easy HL :binternational baccalaureate revision guide cAshby Merson-Davies a2nd edition  aUnited Kingdom :bOxford Study Courses limited,cc2008. a94 p. :bill. ;c29 cm. aBiologyxGenetics